Obras completas de San Bernardo. (Record no. 170790)

MARC details
000 -LEADER
campo de control de longitud fija 00990nam a2200241 i 4500
001 - NÚMERO DE CONTROL
campo de control 170790
003 - IDENTIFICADOR DE NÚMERO DE CONTROL
campo de control ES-MaACL
005 - FECHA Y HORA DE LA ÚLTIMA TRANSACCIÓN
campo de control 20250916175907.0
008 - DATOS DE LONGITUD FIJA--INFORMACIÓN GENERAL
campo de control de longitud fija 090406s1953 sp |||| |bspa d
100 0# - ENTRADA PRINCIPAL--NOMBRE DE PERSONA
Nombre de persona Bernardo,
Títulos y otros términos asociados al nombre Santo,
Fechas asociadas al nombre 1090?-1153
9 (RLIN) 28290
245 10 - MENCIÓN DEL TÍTULO
Título Obras completas de San Bernardo.
Número de parte o sección de la obra I /
Mención de responsabilidad, etc. edición española preparada por Gregorio Díez Ramos.
260 ## - PUBLICACIÓN, DISTRIBUCIÓN, ETC.
Lugar de publicación, distribución, etc. Madrid :
Nombre del editor, distribuidor, etc. La Editorial Católica,
Fecha de publicación, distribución, etc. 1953.
300 ## - DESCRIPCIÓN FÍSICA
Extensión XXXV, 1190 p. ;
Dimensiones 20 cm.
490 1# - MENCIÓN DE SERIE
Mención de serie Biblioteca de autores cristianos ;
Designación de volumen o secuencia 110
505 8# - NOTA DE CONTENIDO CON FORMATO
Nota de contenido con formato Contiene: Vida de San Bernardo / por Pedro de Ribadeneira ; Introducción general ; Sermones de tiempo, de santos y varios ; Sentencias / San Bernardo
600 04 - PUNTO DE ACCESO ADICIONAL DE MATERIA--NOMBRE DE PERSONA
Nombre de persona Bernardo,
Títulos y otros términos asociados al nombre Santo,
Fechas asociadas al nombre 1090?-1153
9 (RLIN) 28290
650 07 - PUNTO DE ACCESO ADICIONAL DE MATERIA--TÉRMINO DE MATERIA
Término de materia o nombre geográfico como elemento de entrada Religión
Fuente del encabezamiento o término embne
9 (RLIN) 16797
700 1# - ENTRADA AGREGADA--NOMBRE PERSONAL
Nombre de persona Díez Ramos, Gregorio.
9 (RLIN) 44762
700 1# - ENTRADA AGREGADA--NOMBRE PERSONAL
Nombre de persona Ribadeneira, Pedro de,
Fechas asociadas al nombre 1527-1611
9 (RLIN) 147986
830 00 - PUNTO DE ACCESO ADICIONAL DE SERIE-TÍTULO UNIFORME
Título uniforme Biblioteca de autores cristianos
Designación de volumen o secuencia 110
9 (RLIN) 178679
852 ## - LOCALIZACIÓN
Ubicación ES-MaACL
Número de control de estantería J-108
Holdings
Estatus retirado Estado de pérdida Estado de daño No para préstamo Biblioteca de origen Biblioteca actual Ubicación en estantería Fecha de adquisición Fuente de adquisición Total de préstamos Signatura topográfica completa Código de barras Visto por última vez Precio de reemplazo Tipo de ítem Koha
        Biblioteca del Ateneo de Madrid Biblioteca del Ateneo de Madrid Depósito 2 06/04/2009     J-108 1179244 23/02/2023 23/02/2023 Libro impreso